000 00527nam a2200181 i 4500
001 88614
003 ES-MaACL
007 t|
008 050105s1974 ag ||||1| spa d
100 1 _aLan, Conrad Eggers.
_969882
245 1 0 _aIntroducción histórica al estudio de Platón /
_cConrad Eggers Lan.
260 _aBuenos Aires :
_bEdit. Universitaria,
_c[1974]
300 _aXIV, 166 p. :
_bil. ;
_c19 cm.
490 1 _aTemas
830 0 _aTemas
_9182419
852 _aES-MaACL
_jE-9609
_bR.94210
999 _c88614
_d88614